header

The shadow and the counsellor (Record no. 64037)

MARC details
000 -LEADER
fixed length control field 01288nam a2200337Ia 4500
082 04 - DEWEY DECIMAL CLASSIFICATION NUMBER
Classification number 158/.3
100 1# - MAIN ENTRY--AUTHOR NAME
Personal name Page, Steve,
245 14 - TITLE STATEMENT
Title The shadow and the counsellor
260 ## - PUBLICATION, DISTRIBUTION, ETC. (IMPRINT)
Place of publication London ;
-- New York :
Name of publisher Routledge,
Year of publication 1999.
300 ## - PHYSICAL DESCRIPTION
Number of Pages xii, 169 p. :
Other physical details ill.
650 #0 - SUBJECT ADDED ENTRY--TOPICAL TERM
Topical Term Counselors.
Topical Term Counseling.
Topical Term Shadow (Psychoanalysis)
856 40 - ELECTRONIC LOCATION AND ACCESS
Uniform Resource Identifier http://site.ebrary.com/lib/rucke/Doc?id=10054813

No items available.

© 2026 Rongo University
Contact us: librarian | system librarian | Rongo university